Places of Massachusetts Quiz - Statistics

General Stats
  • This quiz has been taken 16 times
  • The average score is 51 of 247
Answers on the Map
Answers color-coded by a green-red scale on the quiz's map according to % correct below.
 
Answer Stats
Population CRP % Correct
675,647 Boston
93%
206,518 Worcester
71%
118,403 Cambridge
64%
44,480 Salem
64%
155,929 Springfield
64%
101,636 Quincy
57%
39,263 Amherst Town
50%
105,643 Brockton
50%
94,000 Fall River
50%
115,554 Lowell
50%
101,079 New Bedford
50%
7,667 Plymouth
50%
3,318 Provincetown
50%
59,408 Taunton
50%
46,308 Arlington
43%
46,461 Attleboro
43%
39,143 Braintree Town
43%
72,362 Framingham
43%
101,253 Lynn
43%
41,793 Marlborough
43%
53,059 Methuen
43%
10,166 Nantucket
43%
43,927 Pittsfield
43%
5,466 Adams
36%
48,916 Barnstable
36%
63,191 Brookline
36%
55,560 Chicopee
36%
25,364 Dedham
36%
1,517 Essex
36%
41,946 Fitchburg
36%
6,227 Foxborough
36%
29,729 Gloucester
36%
67,787 Haverhill
36%
4,370 Ipswich
36%
43,782 Leominster
36%
32,091 Needham
36%
18,289 Newburyport
36%
2,998 Sandwich
36%
42,670 Beverly
29%
28,087 Danvers
29%
479 Deerfield
29%
2,399 Dennis
29%
3,818 Falmouth
29%
33,261 Franklin Town
29%
2,234 Great Barrington
29%
17,768 Greenfield
29%
1,353 Groton
29%
38,238 Holyoke
29%
2,651 Hopkinton
29%
89,143 Lawrence
29%
1,880 Lee
29%
34,454 Lexington
29%
66,263 Malden
29%
7,830 Mansfield Center
29%
59,659 Medford
29%
7,921 Middleborough Center
29%
28,630 Milton
29%
88,923 Newton
29%
12,961 North Adams
29%
29,571 Northampton
29%
30,834 North Attleborough
29%
1,051 Northfield
29%
31,611 Norwood
29%
3,636 Orange
29%
1,767 Orleans
29%
5,928 Oxford
29%
54,481 Peabody
29%
4,365 Raynham Center
29%
5,010 Rockport
29%
6,184 Sharon
29%
81,045 Somerville
29%
65,218 Waltham
29%
6,266 Ware
29%
2,972 Wareham Center
29%
28,835 West Springfield
29%
57,437 Weymouth
29%
40,876 Woburn
29%
28,692 Agawam
21%
9,735 Andover
21%
8,486 Athol
21%
2,986 Ayer
21%
1,029 Barre
21%
3,129 Belchertown
21%
4,782 Bellingham
21%
1,497 Bourne
21%
28,633 Bridgewater
21%
26,377 Burlington
21%
1,551 Chatham
21%
40,787 Chelsea
21%
2,452 Dover
21%
16,211 Easthampton
21%
49,075 Everett
21%
21,287 Gardner
21%
5,979 Hingham
21%
15,749 Hudson
21%
10,072 Hull
21%
13,000 Lynnfield
21%
20,441 Marblehead
21%
3,190 Mattapoisett Center
21%
10,746 Maynard
21%
26,971 Milford
21%
6,474 Northborough
21%
2,677 Norton Center
21%
62,186 Revere
21%
1,523 Rowley
21%
5,629 Salisbury
21%
23,244 Stoneham
21%
2,385 Sturbridge
21%
1,213 Townsend
21%
3,090 Upton
21%
27,090 Wakefield
21%
6,119 Walpole
21%
35,329 Watertown Town
21%
29,550 Wellesley
21%
4,255 Westborough
21%
40,834 Westfield
21%
4,308 Williamstown
21%
23,349 Wilmington
21%
19,316 Winthrop
21%
3,030 Acushnet Center
14%
17,366 Amesbury
14%
27,295 Belmont
14%
363 Blandford
14%
2,432 Boxford
14%
2,028 Brewster
14%
824 Brookfield
14%
545 Cheshire
14%
552 Chester
14%
8,166 Clinton
14%
6,927 Cochituate
14%
1,896 Duxbury
14%
1,292 East Brookfield
14%
1,107 Edgartown
14%
1,306 Granby
14%
2,028 Hanson
14%
1,995 Harwich Center
14%
1,453 Hatfield
14%
11,405 Holbrook
14%
1,551 Holland
14%
3,939 Hopedale
14%
857 Huntington
14%
5,700 Kingston
14%
1,639 Lenox
14%
15,853 Longmeadow
14%
1,789 Lunenburg
14%
1,172 Marion Center
14%
4,653 Marshfield
14%
1,076 Mashpee Neck
14%
6,939 Medfield
14%
29,817 Melrose
14%
4,499 Millis-Clicquot
14%
139 Monomoscoy Island
14%
1,952 Monson Center
14%
3,334 Nahant
14%
2,256 North Brookfield
14%
2,296 North Eastham
14%
2,726 North Seekonk
14%
2,324 Oak Bluffs
14%
4,744 Ocean Bluff-Brant Rock
14%
12,448 Palmer Town
14%
2,390 Pepperell
14%
225 Petersham
14%
34,984 Randolph Town
14%
25,518 Reading
14%
690 Russell
14%
2,179 Rutland
14%
28,619 Saugus
14%
5,620 Scituate
14%
1,611 Shirley
14%
18,303 Somerset
14%
17,740 Southbridge
14%
1,930 South Deerfield
14%
5,810 Spencer
14%
15,111 Swampscott
14%
2,864 Topsfield
14%
2,747 Vineyard Haven
14%
1,333 Warren
14%
12,194 Webster
14%
1,375 West Brookfield
14%
4,003 Wilbraham
14%
4,160 Winchendon
14%
22,970 Winchester
14%
2,117 Baldwinville
7%
5,480 Bliss Corner
7%
4,279 Buzzards Bay
7%
2,230 Cedar Crest
7%
2,703 Cordaville
7%
3,487 Dennis Port
7%
1,697 Devens
7%
2,585 East Dennis
7%
2,702 East Douglas
7%
6,278 East Falmouth
7%
5,250 East Harwich
7%
2,120 East Pepperell
7%
3,669 East Sandwich
7%
2,797 Fiskdale
7%
4,116 Forestdale
7%
394 Green Harbor
7%
1,516 Hanscom AFB
7%
1,899 Harwich Port
7%
1,083 Housatonic
7%
466 Lenox Dale
7%
3,065 Littleton Common
7%
377 Madaket
7%
2,491 Marshfield Hills
7%
994 Millers Falls
7%
2,784 Monument Beach
7%
852 New Seabury
7%
3,293 North Falmouth
7%
3,290 North Lakeville
7%
3,490 North Pembroke
7%
3,983 North Plymouth
7%
5,414 North Scituate
7%
4,296 Northwest Harwich
7%
4,720 North Westport
7%
2,904 Ocean Grove
7%
1,617 Onset
7%
7,368 Pinehurst
7%
2,843 Pocasset
7%
280 Popponesset
7%
45 Popponesset Island
7%
3,851 Sagamore
7%
448 Seabrook
7%
98 Seconsett Island
7%
1,719 Shelburne Falls
7%
505 Siasconset
7%
4,832 Smith Mills
7%
1,136 South Ashburnham
7%
3,899 South Dennis
7%
3,463 South Duxbury
7%
1,838 South Lancaster
7%
11,703 South Yarmouth
7%
1,663 Teaticket
7%
4,515 The Pinehills
7%
4,512 Turners Falls
7%
1,619 West Chatham
7%
6,320 West Concord
7%
2,304 West Dennis
7%
1,812 West Falmouth
7%
2,224 West Wareham
7%
721 West Warren
7%
6,278 West Yarmouth
7%
2,109 Weweantic
7%
2,180 White Island Shores
7%
6,750 Whitinsville
7%
834 Woods Hole
7%
5,403 Yarmouth Port
7%
No matching quizzes found
Score Distribution
Percent of People with Each Score
Percentile by Number Answered
Your Score History
You have not taken this quiz